000 00928nam a22003017a 4500
003 CHAP
005 20220817042446.0
008 971013s1919 r 00010 d
010 _a45350
011 _a46322
035 _a50463
040 _cCHAP
090 _aFolleto 9119
110 _aUACH
245 1 0 _aReglamento interno del tribunal disciplinario
260 _aChapingo, Méx. :
_bLa Universidad,
_c19 - 19
300 _av.
500 _aLa biblioteca tiene: 1981
590 _aBATCH-UPD
_b10
_c20130110
_lUCH01
_h2059
590 _aBATCH-UPD
_b10
_c20130410
_lUCH01
_h1411
590 _aBATCH-UPD
_b10
_c20130914
_lUCH01
_h1241
590 _aCONVERSION
_b10
_c20130109
_lUCH01
_h1325
650 1 4 _aEducación agrícola
_xLeyes.
_935532
901 _aBK
942 _cFOLL
949 _aFolleto 9119
_bBC
_cFOLL
_d-113396
_eTS1
_f1981
_i50463
_mD
_si
949 _aFolleto 9119
_bBC
_cUACH
_d-113397
_eUACH
_f1981 c.2
_i50463
_mD
_si
999 _c45350
_d45350